[Event "LSS SE-2008-0-00013"]
[Site "LSS email"]
[Date "2009.01.01"]
[Round "?"]
[White "MacKey, Jason"]
[Black "Baticulon, Nestor"]
[Result "0-1"]
[WhiteElo "1351"]
[BlackElo "1285"]
[PlyCount "28"]
[EventDate "2008.12.16"]
[EventType "tourn (corr)"]
[EventRounds "6"]
[EventCountry "GER"]
[SourceTitle "Corr 2013"]
[Source "ChessBase"]
[SourceDate "2012.11.12"]
[SourceVersion "1"]
[SourceVersionDate "2012.11.12"]
[SourceQuality "1"]
[WhiteTeam "US of America"]
[BlackTeam "US of America"]
[WhiteTeamCountry "USA"]
[BlackTeamCountry "USA"]

1. e4 e5 2. Nf3 Nc6 3. Bb5 d6 4. d4 exd4 5. Nxd4 Bd7 6. Nc3 Nxd4 7. Bxd7+ Qxd7 8. Qxd4 c5 9. Qc4 Be7 10. Bf4 Nf6 11. 0-0-0 Qc6 12. Nb5 0-0 13. Bxd6 Bxd6 14. Nxd6 a6 0-1

[Event "LSS SE-2008-0-00013"]
[Site "LSS email"]
[Date "2008.12.31"]
[Round "?"]
[White "Davidson, Eric"]
[Black "MacKey, Jason"]
[Result "1-0"]
[WhiteElo "932"]
[BlackElo "1351"]
[PlyCount "29"]
[EventDate "2008.12.16"]
[EventType "tourn (corr)"]
[EventRounds "6"]
[EventCountry "GER"]
[SourceTitle "Corr 2013"]
[Source "ChessBase"]
[SourceDate "2012.11.12"]
[SourceVersion "1"]
[SourceVersionDate "2012.11.12"]
[SourceQuality "1"]
[WhiteTeam "US of America"]
[BlackTeam "US of America"]
[WhiteTeamCountry "USA"]
[BlackTeamCountry "USA"]

1. e4 c5 2. Nf3 d6 3. d4 cxd4 4. Nxd4 Nf6 5. Nc3 a6 6. Bg5 e6 7. f4 Qb6 8. Qd2 Qxb2 9. Nb3 Qa3 10. Bxf6 gxf6 11. Be2 Nc6 12. 0-0 Bd7 13. Rf3 Be7 14. Nb1 Qb4 15. c3 1-0

[Event "IECC CL5-2008.13 email"]
[Site "IECC email"]
[Date "2008.09.24"]
[Round "?"]
[White "Boothman, William"]
[Black "MacKey, Jason"]
[Result "1-0"]
[WhiteElo "1545"]
[BlackElo "1467"]
[PlyCount "48"]
[EventDate "2008.??.??"]
[EventType "tourn (corr)"]
[EventRounds "4"]
[SourceTitle "Corr 2011"]
[Source "ChessBase"]
[SourceDate "2010.08.31"]
[SourceVersion "1"]
[SourceVersionDate "2010.08.31"]
[SourceQuality "1"]
[WhiteTeam "England"]
[BlackTeam "US of America"]
[WhiteTeamCountry "ENG"]
[BlackTeamCountry "USA"]

1. Nf3 Nf6 2. g3 g6 3. Bg2 Bg7 4. 0-0 0-0 5. d3 d6 6. e4 c5 7. c3 Nc6 8. Re1 e5 9. Nbd2 h6 10. a3 Be6 11. b4 Qd7 12. Bb2 Bh3 13. Bh1 Nh7 14. Nc4 f5 15. b5 Ne7 16. a4 fxe4 17. dxe4 Rad8 18. Qc2 Qg4 19. Ne3 Qh5 20. Nd2 Ng5 21. c4 Nf3+ 22. Nxf3 Rxf3 23. Bxf3 Qxf3 24. Rad1 Kh8 1-0

[Event "LSS BI-2007-P-00004"]
[Site "LSS email"]
[Date "2007.04.23"]
[Round "?"]
[White "MacKey, Jason"]
[Black "Svajdler, Frantisek"]
[Result "0-1"]
[WhiteElo "1351"]
[BlackElo "2175"]
[PlyCount "20"]
[EventDate "2007.04.23"]
[EventType "tourn (corr)"]
[EventRounds "10"]
[EventCountry "GER"]
[SourceTitle "Corr 2015"]
[Source "ChessBase"]
[SourceDate "2015.07.17"]
[SourceVersion "1"]
[SourceVersionDate "2015.07.17"]
[SourceQuality "1"]

1. d4 Nf6 2. c4 e6 3. Nc3 Bb4 4. Qc2 0-0 5. a3 Bxc3+ 6. Qxc3 d6 7. f3 Nc6 8. e4 d5 9. e5 Nd7 10. cxd5 exd5 0-1

[Event "IECG SN.2007.0.00022 email"]
[Site "IECG email"]
[Date "2007.02.07"]
[Round "?"]
[White "MacKey, Jason"]
[Black "Petidis, Kostas"]
[Result "1-0"]
[WhiteElo "800"]
[BlackElo "888"]
[PlyCount "41"]
[EventDate "2007.02.07"]
[EventType "tourn (corr)"]
[EventRounds "6"]
[SourceTitle "Corr 2008"]
[Source "ChessBase"]
[SourceDate "2008.06.24"]
[SourceVersion "1"]
[SourceVersionDate "2008.06.24"]
[SourceQuality "1"]

1. e4 c5 2. Nf3 d6 3. d4 cxd4 4. Nxd4 Nf6 5. Nc3 g6 6. Be3 Bg7 7. f3 0-0 8. Qd2 Nc6 9. Bc4 Ne5 10. Bb3 Bd7 11. 0-0-0 Rc8 12. Kb1 Nc4 13. Bxc4 Rxc4 14. g4 Qa5 15. Nb3 Qa6 16. e5 Ne8 17. Nd5 Ra4 18. Nxe7+ Kh8 19. Bh6 Bxh6 20. Qxh6 Rxa2 21. Qxf8# 1-0

[Event "LSS OP-2007-0-00224"]
[Site "LSS email"]
[Date "2007.01.17"]
[Round "?"]
[White "MacKey, Jason"]
[Black "Feng, Jason"]
[Result "1-0"]
[WhiteElo "1351"]
[BlackElo "832"]
[PlyCount "29"]
[EventDate "2007.01.15"]
[EventType "tourn (corr)"]
[EventRounds "4"]
[EventCountry "GER"]
[SourceTitle "Corr 2015"]
[Source "ChessBase"]
[SourceDate "2015.07.17"]
[SourceVersion "1"]
[SourceVersionDate "2015.07.17"]
[SourceQuality "1"]

1. e4 e5 2. Nf3 Nc6 3. Bb5 a6 4. Ba4 Nf6 5. 0-0 b5 6. Bb3 Bc5 7. a4 Bb7 8. d3 h6 9. Nc3 bxa4 10. Bxa4 d6 11. d4 exd4 12. Nxd4 Qd7 13. Nf5 0-0 14. Nd5 Nxe4 15. Qg4 1-0

[Event "IECG SN.2007.0.00015 email"]
[Site "IECG email"]
[Date "2007.01.01"]
[Round "?"]
[White "Meszaros, Attila Jr"]
[Black "MacKey, Jason"]
[Result "0-1"]
[WhiteElo "604"]
[BlackElo "800"]
[PlyCount "51"]
[EventDate "2007.01.01"]
[EventType "tourn (corr)"]
[EventRounds "6"]
[SourceTitle "Corr 2008"]
[Source "ChessBase"]
[SourceDate "2008.06.24"]
[SourceVersion "1"]
[SourceVersionDate "2008.06.24"]
[SourceQuality "1"]

1. e4 e5 2. Nf3 Nc6 3. Nc3 Nf6 4. d3 Bb4 5. Be2 d5 6. 0-0 Bxc3 7. bxc3 dxe4 8. dxe4 Qxd1 9. Rxd1 Nxe4 10. Bb5 f6 11. Bxc6+ bxc6 12. Bb2 Rb8 13. Re1 Nxf2 14. Kxf2 Rxb2 15. Re2 Ba6 16. Rd2 Ke7 17. Rad1 Bc8 18. Re1 Rxa2 19. Nxe5 fxe5 20. Rxe5+ Be6 21. Rde2 Rf8+ 22. Kg3 Rf6 23. Rc5 Rg6+ 24. Kh4 Ra4+ 25. g4 Raxg4+ 26. Kh5 0-1

[Event "FICGS class F 000017 email"]
[Site "FICGS email"]
[Date "2006.11.09"]
[Round "1"]
[White "Neil, Charles"]
[Black "MacKey, Jason"]
[Result "0-1"]
[WhiteElo "1336"]
[BlackElo "1085"]
[PlyCount "62"]
[EventDate "2006.??.??"]
[EventType "tourn (corr)"]
[EventRounds "5"]
[SourceTitle "Corr 2022"]
[Source "ChessBase"]
[SourceDate "2021.10.24"]
[SourceVersion "1"]
[SourceVersionDate "2021.10.24"]
[SourceQuality "1"]

1. e4 e5 2. Nf3 Nc6 3. Bb5 a6 4. Ba4 Nf6 5. 0-0 Nxe4 6. d4 b5 7. Bb3 d5 8. dxe5 Be6 9. Nbd2 Nc5 10. c3 Be7 11. Re1 Qd7 12. Nf1 Nxb3 13. Qxb3 d4 14. Qd1 d3 15. Be3 0-0 16. Qd2 Bg4 17. Qd1 Bxf3 18. Qxf3 Nxe5 19. Qg3 Ng6 20. Nd2 Bd6 21. Qf3 Rfe8 22. h3 Ne5 23. Qh5 Re6 24. Ne4 Rae8 25. Rad1 Nc4 26. b3 Nxe3 27. Rxe3 Rxe4 28. Rdxd3 Rxe3 29. fxe3 Bh2+ 30. Kxh2 Qxd3 31. Qf3 Qxe3 0-1

[Event "FICGS class G 000008 email"]
[Site "FICGS email"]
[Date "2006.11.02"]
[Round "1"]
[White "Knapp, Josh"]
[Black "MacKey, Jason"]
[Result "0-1"]
[WhiteElo "915"]
[BlackElo "1085"]
[PlyCount "20"]
[EventDate "2006.??.??"]
[EventType "tourn (corr)"]
[EventRounds "4"]
[SourceTitle "Corr 2022"]
[Source "ChessBase"]
[SourceDate "2021.10.24"]
[SourceVersion "1"]
[SourceVersionDate "2021.10.24"]
[SourceQuality "1"]

1. e4 e5 2. Nf3 Nc6 3. Bb5 a6 4. Bxc6 dxc6 5. d4 exd4 6. Qxd4 Qxd4 7. Nxd4 c5 8. Ne2 Bd7 9. Nbc3 0-0-0 10. 0-0 f6 0-1

[Event "FICGS class G 000008 email"]
[Site "FICGS email"]
[Date "2006.11.02"]
[Round "1"]
[White "MacKey, Jason"]
[Black "Wright, Adam"]
[Result "1-0"]
[WhiteElo "1085"]
[BlackElo "986"]
[PlyCount "27"]
[EventDate "2006.??.??"]
[EventType "tourn (corr)"]
[EventRounds "4"]
[SourceTitle "Corr 2022"]
[Source "ChessBase"]
[SourceDate "2021.10.24"]
[SourceVersion "1"]
[SourceVersionDate "2021.10.24"]
[SourceQuality "1"]

1. e4 e5 2. f4 f6 3. Nf3 Nc6 4. Nc3 Bb4 5. Nd5 d6 6. Bb5 Ba5 7. fxe5 dxe5 8. Nxe5 fxe5 9. Qh5+ Kf8 10. 0-0+ Nf6 11. d4 Nxd4 12. Rxf6+ gxf6 13. Bh6+ Kg8 14. Nxf6+ 1-0

[Event "FICGS class G 000008 email"]
[Site "FICGS email"]
[Date "2006.11.02"]
[Round "1"]
[White "Weber, Roger"]
[Black "MacKey, Jason"]
[Result "0-1"]
[WhiteElo "979"]
[BlackElo "1085"]
[PlyCount "44"]
[EventDate "2006.??.??"]
[EventType "tourn (corr)"]
[EventRounds "4"]
[SourceTitle "Corr 2022"]
[Source "ChessBase"]
[SourceDate "2021.10.24"]
[SourceVersion "1"]
[SourceVersionDate "2021.10.24"]
[SourceQuality "1"]

1. e4 e5 2. f4 exf4 3. d4 Qh4+ 4. g3 fxg3 5. Nf3 g2+ 6. Nxh4 gxh1Q 7. Qe2 d6 8. Bf4 Be7 9. Nf3 Bg4 10. Nbd2 Bh4+ 11. Kd1 Ne7 12. c3 Ng6 13. Be3 Nd7 14. Kc2 Be7 15. Rc1 Nh4 16. Bf4 Nxf3 17. Bg2 Nxd4+ 18. cxd4 Qxc1+ 19. Kxc1 Bxe2 20. e5 dxe5 21. Bxe5 Nxe5 22. dxe5 0-0-0 0-1